000 00306nam a2200121Ia 4500
008 220204s9999 xx 000 0 und d
082 _a574.3
_bMOO
100 _aMOORE, Ruth
245 0 _aMan in the environment.
260 _aNew York
_bAlfred A Knopf
_c1975
650 _aEnvironmental impact
942 _cBK
999 _c28676
_d28676